[Event "OeISM Blitz U10 B"]
[Site "austriaU10b"]
[Date "2020.12.11"]
[Round "6"]
[White "Martinovicdavid"]
[Black "EdiRaber"]
[Result "0-1"]
[WhiteElo "1591"]
[BlackElo "1739"]
[Annotator "NA RC"]
[PlyCount "96"]
[EventDate "2020.12.11"]
[EventType "blitz"]

1. e4 {[%emt 0:00:05]} e5 {[%emt 0:00:02]} 2. Nf3 {[%emt 0:00:03]} Nc6 {[%emt 0:00:04]} 3. d4 {[%emt 0:00:06]} exd4 {[%emt 0:00:03]} 4. Nxd4 {[%emt 0:00:03]} Nxd4 {[%emt 0:00:02]} 5. Qxd4 {[%emt 0:00:04]} d6 {[%emt 0:00:00]} 6. Nc3 {[%emt 0:00:05]} Nf6 {[%emt 0:00:03]} 7. Bc4 {[%emt 0:00:09]} Be7 {[%emt 0:00:03]} 8. O-O {[%emt 0:00:04]} O-O {[%emt 0:00:03]} 9. Be3 {[%emt 0:00:05]} Be6 {[%emt 0:00:04]} 10. Bb3 {[%emt 0:00:09]} Re8 {[%emt 0:00:15]} 11. Rfe1 {[%emt 0:00:09]} Rc8 {[%emt 0:00:07]} 12. Qxa7 {[%emt 0:00:15]} b6 {[%emt 0:00:04]} 13. Qa4 {[%emt 0:00:14]} c5 {[%emt 0:00:06]} 14. a3 {[%emt 0:00:11]} c4 {[%emt 0:00:13]} 15. Ba2 {[%emt 0:00:04]} Ra8 {[%emt 0:00:07]} 16. Qb5 {[%emt 0:00:10]} d5 {[%emt 0:00:12]} 17. Qxb6 {[%emt 0:00:10]} dxe4 {[%emt 0:00:24]} 18. Rad1 {[%emt 0:00:08]} Qxb6 {[%emt 0:00:04]} 19. Bxb6 {[%emt 0:00:05]} Rab8 {[%emt 0:00:01]} 20. Bd4 {[%emt 0:00:34]} Bg4 {[%emt 0:00:10]} 21. Rd2 {[%emt 0:00:20]} Rxb2 {[%emt 0:00:09]} 22. Bxc4 {[%emt 0:00:07]} Bxa3 {[%emt 0:00:12]} 23. Nxe4 {[%emt 0:00:03]} Rxe4 {[%emt 0:00:09]} 24. Rxe4 {[%emt 0:00:10]} Nxe4 {[%emt 0:00:03]} 25. Bxb2 {[%emt 0:00:08]} Nxd2 {[%emt 0:00:02]} 26. f3 {[%emt 0:00:02]} Bc5+ {[%emt 0:00:06]} 27. Kh1 {[%emt 0:00:06]} Nxc4 {[%emt 0:00:01]} 28. Bxg7 {[%emt 0:00:03]} Kxg7 {[%emt 0:00:02]} 29. fxg4 {[%emt 0:00:02]} Kg6 {[%emt 0:00:01]} 30. h3 {[%emt 0:00:01]} Kg5 {[%emt 0:00:01]} 31. Kh2 {[%emt 0:00:01]} Bd6+ {[%emt 0:00:02]} 32. g3 {[%emt 0:00:01]} Ne3 {[%emt 0:00:02]} 33. Kg1 {[%emt 0:00:02]} Bxg3 {[%emt 0:00:03]} 34. Kh1 {[%emt 0:00:02]} Nxc2 {[%emt 0:00:02]} 35. h4+ {[%emt 0:00:02]} Kxh4 {[%emt 0:00:01]} 36. g5 {[%emt 0:00:01]} Kxg5 {[%emt 0:00:01]} 37. Kg2 {[%emt 0:00:02]} Kg4 {[%emt 0:00:01]} 38. Kg1 {[%emt 0:00:02]} f5 {[%emt 0:00:01]} 39. Kg2 {[%emt 0:00:01]} f4 {[%emt 0:00:01]} 40. Kg1 {[%emt 0:00:01]} h5 {[%emt 0:00:02]} 41. Kg2 {[%emt 0:00:02]} h4 {[%emt 0:00:01]} 42. Kg1 {[%emt 0:00:02]} h3 {[%emt 0:00:01]} 43. Kh1 {[%emt 0:00:02]} f3 {[%emt 0:00:02]} 44. Kg1 {[%emt 0:00:02]} Bf2+ {[%emt 0:00:06]} 45. Kh1 {[%emt 0:00:03]} Be3 {[%emt 0:00:04]} 46. Kh2 {[%emt 0:00:02]} f2 {[%emt 0:00:01]} 47. Kh1 {[%emt 0:00:04]} f1=Q+ {[%emt 0:00:01]} 48. Kh2 {[%emt 0:00:03]} Qg2# {[%emt 0:00:00] Mate Mate} 0-1

[Event "OeISM Blitz U10 B"]
[Site "austriaU10b"]
[Date "2020.12.11"]
[Round "6"]
[White "Codeman1980"]
[Black "Janoschluis"]
[Result "1-0"]
[WhiteElo "1571"]
[BlackElo "1666"]
[Annotator "NA RC"]
[PlyCount "87"]
[EventDate "2020.12.11"]
[EventType "blitz"]

1. e4 {[%emt 0:00:04]} e6 {[%emt 0:00:02]} 2. d4 {[%emt 0:00:02]} d5 {[%emt 0:00:02]} 3. exd5 {[%emt 0:00:03]} exd5 {[%emt 0:00:05]} 4. c4 {[%emt 0:00:03]} Nf6 {[%emt 0:00:06]} 5. Nc3 {[%emt 0:00:04]} Bb4 {[%emt 0:00:07]} 6. Bd3 {[%emt 0:00:04]} Nc6 {[%emt 0:00:06]} 7. Nf3 {[%emt 0:00:04]} Bg4 {[%emt 0:00:14]} 8. Be3 {[%emt 0:00:03]} O-O {[%emt 0:00:18]} 9. O-O {[%emt 0:00:17]} Re8 {[%emt 0:00:08]} 10. a3 {[%emt 0:00:10]} Bxc3 {[%emt 0:00:07]} 11. bxc3 {[%emt 0:00:04]} Ne4 {[%emt 0:00:06]} 12. cxd5 {[%emt 0:00:12]} Qxd5 {[%emt 0:00:11]} 13. c4 {[%emt 0:00:15]} Qh5 {[%emt 0:00:14]} 14. Be2 {[%emt 0:00:24]} Nc3 {[%emt 0:00:27]} 15. Qd2 {[%emt 0:00:08]} Nxe2+ {[%emt 0:00:08]} 16. Qxe2 {[%emt 0:00:06]} Bxf3 {[%emt 0:00:03]} 17. Qxf3 {[%emt 0:00:03]} Qxf3 {[%emt 0:00:02]} 18. gxf3 {[%emt 0:00:02]} h6 {[%emt 0:00:08]} 19. Rad1 {[%emt 0:00:07]} Na5 {[%emt 0:00:05]} 20. Rc1 {[%emt 0:00:06]} Nb3 {[%emt 0:00:03]} 21. Rb1 {[%emt 0:00:07]} Na5 {[%emt 0:00:13]} 22. Rfc1 {[%emt 0:00:08]} Rab8 {[%emt 0:00:13]} 23. d5 {[%emt 0:00:12]} c6 {[%emt 0:00:05]} 24. Bd2 {[%emt 0:00:08]} b6 {[%emt 0:00:13]} 25. Bxa5 {[%emt 0:00:19]} bxa5 {[%emt 0:00:03]} 26. Rxb8 {[%emt 0:00:03]} Rxb8 {[%emt 0:00:02]} 27. d6 {[%emt 0:00:03]} Rd8 {[%emt 0:00:03]} 28. c5 {[%emt 0:00:01]} Kh7 {[%emt 0:00:05]} 29. Rd1 {[%emt 0:00:03]} Kg6 {[%emt 0:00:05]} 30. d7 {[%emt 0:00:02]} Kf6 {[%emt 0:00:03]} 31. Rd6+ {[%emt 0:00:02]} Ke7 {[%emt 0:00:04]} 32. a4 {[%emt 0:00:02]} Rxd7 {[%emt 0:00:03]} 33. Rxc6 {[%emt 0:00:01]} Rd1+ {[%emt 0:00:03]} 34. Kg2 {[%emt 0:00:02]} Ra1 {[%emt 0:00:02]} 35. Rc7+ {[%emt 0:00:04]} Kf6 {[%emt 0:00:02]} 36. Rxa7 {[%emt 0:00:02]} Rxa4 {[%emt 0:00:03]} 37. c6 {[%emt 0:00:02]} Re4 {[%emt 0:00:02]} 38. fxe4 {[%emt 0:00:03]} Ke6 {[%emt 0:00:03]} 39. e5 {[%emt 0:00:07]} f6 {[%emt 0:00:03]} 40. c7 {[%emt 0:00:03]} Kd7 {[%emt 0:00:02]} 41. e6+ {[%emt 0:00:01]} Kc8 {[%emt 0:00:03]} 42. e7 {[%emt 0:00:01]} Kd7 {[%emt 0:00:04]} 43. e8=Q+ {[%emt 0:00:06]} Kxe8 {[%emt 0:00:02]} 44. c8=Q# {[%emt 0:00:04] (Lag: Av=1.17s, max=2.7s) Mate} 1-0

[Event "OeISM Blitz U10 B"]
[Site "austriaU10b"]
[Date "2020.12.11"]
[Round "6"]
[White "Derenick2010"]
[Black "Max003"]
[Result "1-0"]
[WhiteElo "1520"]
[BlackElo "1483"]
[Annotator "NA RC"]
[PlyCount "27"]
[EventDate "2020.12.11"]
[EventType "blitz"]

1. e4 {[%emt 0:00:07]} c5 {[%emt 0:00:02]} 2. Nf3 {[%emt 0:00:03]} d6 {[%emt 0:00:01]} 3. Bb5+ {[%emt 0:00:03]} Nc6 {[%emt 0:00:06] Derenick2010 reconnected.} 4. Bxc6+ {[%emt 0:00:07]} bxc6 {[%emt 0:00:02]} 5. O-O {[%emt 0:00:10]} Ba6 {[%emt 0:00:03]} 6. d3 {[%emt 0:00:06]} Nf6 {[%emt 0:00:07]} 7. Nc3 {[%emt 0:00:11]} g6 {[%emt 0:00:12]} 8. Bg5 {[%emt 0:00:08]} Bg7 {[%emt 0:00:03]} 9. Bxf6 {[%emt 0:00:08]} Bxf6 {[%emt 0:00:03]} 10. Qd2 {[%emt 0:00:08]} O-O {[%emt 0:00:03]} 11. Qh6 {[%emt 0:00:12]} Bg7 {[%emt 0:00:03]} 12. Qh4 {[%emt 0:00:03]} Bf6 {[%emt 0:00:06]} 13. Ng5 {[%emt 0:00:03]} Qb6 {[%emt 0:00:09]} 14. Qxh7# {[%emt 0:00:02] Mate Mate} 1-0

[Event "OeISM Blitz U10 B"]
[Site "austriaU10b"]
[Date "2020.12.11"]
[Round "6"]
[White "Felix808"]
[Black "Sunny3000"]
[Result "0-1"]
[WhiteElo "1520"]
[BlackElo "1507"]
[Annotator "NA"]
[PlyCount "82"]
[EventDate "2020.12.11"]
[EventType "blitz"]

1. e4 {[%emt 0:00:03]} c5 {[%emt 0:00:02]} 2. Nf3 {[%emt 0:00:05]} e6 {[%emt 0:00:03]} 3. d4 {[%emt 0:00:06]} cxd4 {[%emt 0:00:02]} 4. Nxd4 {[%emt 0:00:02]} Nf6 {[%emt 0:00:02]} 5. Nc3 {[%emt 0:00:03]} Qb6 {[%emt 0:00:05]} 6. Ncb5 {[%emt 0:00:10]} a6 {[%emt 0:00:11]} 7. a4 {[%emt 0:00:37]} axb5 {[%emt 0:00:07]} 8. Nxb5 {[%emt 0:00:02]} Bc5 {[%emt 0:00:13]} 9. Qd2 {[%emt 0:00:19]} Nxe4 {[%emt 0:00:06]} 10. Qe2 {[%emt 0:00:06]} Nxf2 {[%emt 0:00:17]} 11. Rg1 {[%emt 0:00:03]} Ne4 {[%emt 0:00:10]} 12. Rh1 {[%emt 0:00:06]} Bb4+ {[%emt 0:00:16]} 13. c3 {[%emt 0:00:06]} Nxc3 {[%emt 0:00:03]} 14. bxc3 {[%emt 0:00:05]} Bxc3+ {[%emt 0:00:02]} 15. Nxc3 {[%emt 0:00:01]} Qb4 {[%emt 0:00:11]} 16. Bd2 {[%emt 0:00:08]} Qc5 {[%emt 0:00:23]} 17. Nb5 {[%emt 0:00:09]} Nc6 {[%emt 0:00:16]} 18. Nc7+ {[%emt 0:00:06]} Kd8 {[%emt 0:00:04]} 19. Nxa8 {[%emt 0:00:02]} Nd4 {[%emt 0:00:02]} 20. Qg4 {[%emt 0:00:19]} Nc2+ {[%emt 0:00:17]} 21. Kd1 {[%emt 0:00:03]} Nxa1 {[%emt 0:00:05]} 22. Qh4+ {[%emt 0:00:04]} Ke8 {[%emt 0:00:04]} 23. Qg4 {[%emt 0:00:15]} Qc2+ {[%emt 0:00:19]} 24. Ke2 {[%emt 0:00:07]} Nb3 {[%emt 0:00:11]} 25. Qf4 {[%emt 0:00:14]} Kd8 {[%emt 0:00:14]} 26. Qg5+ {[%emt 0:00:10]} Ke8 {[%emt 0:00:02]} 27. Qf4 {[%emt 0:00:06]} f6 {[%emt 0:00:02]} 28. Nc7+ {[%emt 0:00:03]} Kd8 {[%emt 0:00:02]} 29. Nb5 {[%emt 0:00:06]} Ke8 {[%emt 0:00:02]} 30. Nd6+ {[%emt 0:00:06]} Ke7 {[%emt 0:00:02]} 31. Nxc8+ {[%emt 0:00:02]} Rxc8 {[%emt 0:00:02]} 32. Qb4+ {[%emt 0:00:04]} Rc5 {[%emt 0:00:03]} 33. Qf4 {[%emt 0:00:02]} d6 {[%emt 0:00:04]} 34. g3 {[%emt 0:00:02]} Rd5 {[%emt 0:00:02]} 35. Bg2 {[%emt 0:00:06]} Rxd2+ {[%emt 0:00:01]} 36. Kf3 {[%emt 0:00:03]} Rxg2 {[%emt 0:00:00]} 37. Kg4 {[%emt 0:00:01]} Qe2+ {[%emt 0:00:01]} 38. Kh4 {[%emt 0:00:01]} g5+ {[%emt 0:00:02]} 39. Kh3 {[%emt 0:00:01]} gxf4 {[%emt 0:00:01]} 40. Kh4 {[%emt 0:00:02]} Qe5 {[%emt 0:00:02]} 41. h3 {[%emt 0:00:03]} Qg5# {[%emt 0:00:02] Mate Mate} 0-1

[Event "OeISM Blitz U10 B"]
[Site "austriaU10b"]
[Date "2020.12.11"]
[Round "6"]
[White "Davidalaba"]
[Black "Widder2010"]
[Result "0-1"]
[WhiteElo "1467"]
[BlackElo "1451"]
[Annotator "NA"]
[PlyCount "122"]
[EventDate "2020.12.11"]
[EventType "blitz"]

1. e4 {[%emt 0:00:04]} g6 {[%emt 0:00:01]} 2. Nf3 {[%emt 0:00:04]} Bg7 {[%emt 0:00:01]} 3. d4 {[%emt 0:00:03]} e6 {[%emt 0:00:01]} 4. Nc3 {[%emt 0:00:03]} Ne7 {[%emt 0:00:01]} 5. Bc4 {[%emt 0:00:05]} d5 {[%emt 0:00:02]} 6. Bb3 {[%emt 0:00:12]} O-O {[%emt 0:00:06]} 7. O-O {[%emt 0:00:11]} b6 {[%emt 0:00:04]} 8. Re1 {[%emt 0:00:12]} Bb7 {[%emt 0:00:03]} 9. h3 {[%emt 0:00:09]} Nd7 {[%emt 0:00:03]} 10. Bg5 {[%emt 0:00:10]} c6 {[%emt 0:00:08]} 11. Qd2 {[%emt 0:00:08]} Re8 {[%emt 0:00:06]} 12. Bh6 {[%emt 0:00:03]} Qc7 {[%emt 0:00:22]} 13. Bf4 {[%emt 0:00:07]} Qd8 {[%emt 0:00:07]} 14. Bh6 {[%emt 0:00:05]} c5 {[%emt 0:00:11]} 15. dxc5 {[%emt 0:00:03]} Nxc5 {[%emt 0:00:03]} 16. Bxg7 {[%emt 0:00:07]} Nxb3 {[%emt 0:00:08]} 17. axb3 {[%emt 0:00:03]} Kxg7 {[%emt 0:00:02]} 18. Qd4+ {[%emt 0:00:13]} f6 {[%emt 0:00:05]} 19. Rad1 {[%emt 0:00:08]} e5 {[%emt 0:00:13]} 20. Qd3 {[%emt 0:00:04]} d4 {[%emt 0:00:08]} 21. Ne2 {[%emt 0:00:29]} Qc7 {[%emt 0:00:06]} 22. c3 {[%emt 0:00:06]} dxc3 {[%emt 0:00:20]} 23. bxc3 {[%emt 0:00:00]} Rad8 {[%emt 0:00:06]} 24. Qc2 {[%emt 0:00:03]} Rxd1 {[%emt 0:00:11]} 25. Rxd1 {[%emt 0:00:03]} Rd8 {[%emt 0:00:07]} 26. Rxd8 {[%emt 0:00:06]} Qxd8 {[%emt 0:00:03]} 27. Ng3 {[%emt 0:00:03]} a6 {[%emt 0:00:11]} 28. Qa2 {[%emt 0:00:08]} Qd3 {[%emt 0:00:16]} 29. c4 {[%emt 0:00:02]} a5 {[%emt 0:00:11]} 30. Qa3 {[%emt 0:00:03]} Kf7 {[%emt 0:00:02]} 31. Qa2 {[%emt 0:00:12]} Bxe4 {[%emt 0:00:02]} 32. Nxe4 {[%emt 0:00:08]} Qxe4 {[%emt 0:00:02]} 33. c5 {[%emt 0:00:06]} bxc5 {[%emt 0:00:02]} 34. Qxa5 {[%emt 0:00:01]} Qd3 {[%emt 0:00:02]} 35. Qxc5 {[%emt 0:00:03]} Qxb3 {[%emt 0:00:02]} 36. Qc7 {[%emt 0:00:12]} Qb1+ {[%emt 0:00:02]} 37. Kh2 {[%emt 0:00:03]} Qa2 {[%emt 0:00:05]} 38. Kg1 {[%emt 0:00:08]} Qb1+ {[%emt 0:00:02]} 39. Kh2 {[%emt 0:00:00]} Qb2 {[%emt 0:00:03]} 40. Kg1 {[%emt 0:00:01]} Qa1+ {[%emt 0:00:03]} 41. Kh2 {[%emt 0:00:01]} Qa3 {[%emt 0:00:02]} 42. Qc4+ {[%emt 0:00:07]} Kg7 {[%emt 0:00:03]} 43. g3 {[%emt 0:00:02]} Qb2 {[%emt 0:00:03]} 44. Kg2 {[%emt 0:00:02]} Qa3 {[%emt 0:00:02]} 45. Qc7 {[%emt 0:00:03]} Qb4 {[%emt 0:00:04]} 46. g4 {[%emt 0:00:02]} Kf7 {[%emt 0:00:05]} 47. Kg3 {[%emt 0:00:01]} Qf4+ {[%emt 0:00:03]} 48. Kg2 {[%emt 0:00:02]} e4 {[%emt 0:00:04]} 49. Qc4+ {[%emt 0:00:02]} Kg7 {[%emt 0:00:10]} 50. Qc5 {[%emt 0:00:05]} Qxf3+ {[%emt 0:00:02]} 51. Kg1 {[%emt 0:00:02]} Qd1+ {[%emt 0:00:02]} 52. Kg2 {[%emt 0:00:02]} Qf3+ {[%emt 0:00:01]} 53. Kg1 {[%emt 0:00:01]} Kf7 {[%emt 0:00:01]} 54. Qc4+ {[%emt 0:00:02]} Kg7 {[%emt 0:00:02]} 55. Qe6 {[%emt 0:00:02]} Kf8 {[%emt 0:00:02]} 56. Qd6 {[%emt 0:00:03]} e3 {[%emt 0:00:02]} 57. Qd8+ {[%emt 0:00:02]} Kf7 {[%emt 0:00:02]} 58. Qd3 {[%emt 0:00:03]} Qxf2+ {[%emt 0:00:02]} 59. Kh1 {[%emt 0:00:01]} e2 {[%emt 0:00:01]} 60. Qc4+ {[%emt 0:00:02]} Kg7 {[%emt 0:00:02]} 61. Qc2 {[%emt 0:00:02]} e1=Q# {[%emt 0:00:02] Mate Mate} 0-1

[Event "OeISM Blitz U10 B"]
[Site "austriaU10b"]
[Date "2020.12.11"]
[Round "6"]
[White "BeatG10"]
[Black "nikolaus2709"]
[Result "0-1"]
[WhiteElo "1365"]
[BlackElo "1495"]
[Annotator "NA"]
[PlyCount "74"]
[EventDate "2020.12.11"]
[EventType "blitz"]

1. e4 {[%emt 0:00:03]} c5 {[%emt 0:00:02]} 2. Nc3 {[%emt 0:00:01]} d6 {[%emt 0:00:05]} 3. d3 {[%emt 0:00:01]} Nf6 {[%emt 0:00:02]} 4. g3 {[%emt 0:00:03]} g6 {[%emt 0:00:02]} 5. Bg2 {[%emt 0:00:02]} Bg7 {[%emt 0:00:02]} 6. Bg5 {[%emt 0:00:04]} Nc6 {[%emt 0:00:03]} 7. Nf3 {[%emt 0:00:06]} O-O {[%emt 0:00:02]} 8. O-O {[%emt 0:00:11]} b6 {[%emt 0:00:02]} 9. Re1 {[%emt 0:00:05]} Bb7 {[%emt 0:00:02]} 10. Qd2 {[%emt 0:00:17]} Qc7 {[%emt 0:00:05]} 11. Bxf6 {[%emt 0:00:06]} Bxf6 {[%emt 0:00:02]} 12. Nd5 {[%emt 0:00:05]} Qd7 {[%emt 0:00:05]} 13. Nxf6+ {[%emt 0:00:02]} exf6 {[%emt 0:00:02]} 14. Re3 {[%emt 0:00:06]} Kg7 {[%emt 0:00:06]} 15. Rae1 {[%emt 0:00:03]} Rfe8 {[%emt 0:00:02]} 16. c3 {[%emt 0:00:04]} Rad8 {[%emt 0:00:08]} 17. d4 {[%emt 0:00:01]} cxd4 {[%emt 0:00:02]} 18. cxd4 {[%emt 0:00:00]} Re7 {[%emt 0:00:25]} 19. d5 {[%emt 0:00:01]} Ne5 {[%emt 0:00:02]} 20. Nxe5 {[%emt 0:00:02]} Rxe5 {[%emt 0:00:02]} 21. f4 {[%emt 0:00:09]} Re7 {[%emt 0:00:05]} 22. Rd1 {[%emt 0:00:05]} Rde8 {[%emt 0:00:04]} 23. Qd4 {[%emt 0:00:09]} Qg4 {[%emt 0:00:22]} 24. Bf3 {[%emt 0:00:12]} Qh3 {[%emt 0:00:11]} 25. Rf1 {[%emt 0:00:18]} Ba6 {[%emt 0:00:09]} 26. Rc1 {[%emt 0:00:06]} Rc7 {[%emt 0:00:20]} 27. Qd3 {[%emt 0:00:10]} Rxc1+ {[%emt 0:00:06]} 28. Kf2 {[%emt 0:00:02]} Bxd3 {[%emt 0:00:04]} 29. Rxd3 {[%emt 0:00:01]} Qf1+ {[%emt 0:00:12]} 30. Ke3 {[%emt 0:00:02]} Rc2 {[%emt 0:00:09]} 31. Rd1 {[%emt 0:00:12]} Qf2+ {[%emt 0:00:11]} 32. Kd3 {[%emt 0:00:02]} Rec8 {[%emt 0:00:20]} 33. Bg4 {[%emt 0:00:06]} h5 {[%emt 0:00:05]} 34. Bxc8 {[%emt 0:00:02]} Qe2+ {[%emt 0:00:02]} 35. Kd4 {[%emt 0:00:02]} Qxd1+ {[%emt 0:00:02]} 36. Ke3 {[%emt 0:00:04]} Re2+ {[%emt 0:00:06]} 37. Kf3 {[%emt 0:00:01]} Qf1# {[%emt 0:00:03] Mate Mate} 0-1

[Event "OeISM Blitz U10 B"]
[Site "austriaU10b"]
[Date "2020.12.11"]
[Round "6"]
[White "Hugo_11"]
[Black "Chesstornado2011"]
[Result "0-1"]
[WhiteElo "1362"]
[BlackElo "1497"]
[Annotator "NA"]
[PlyCount "68"]
[EventDate "2020.12.11"]
[EventType "blitz"]

1. e4 {[%emt 0:00:03]} e5 {[%emt 0:00:02]} 2. Qh5 {[%emt 0:00:05]} Nc6 {[%emt 0:00:07]} 3. Bc4 {[%emt 0:00:03]} g6 {[%emt 0:00:03]} 4. Qf3 {[%emt 0:00:02]} Nf6 {[%emt 0:00:03]} 5. Nc3 {[%emt 0:00:04]} Bg7 {[%emt 0:00:04]} 6. Nd5 {[%emt 0:00:03]} O-O {[%emt 0:00:06]} 7. Nxf6+ {[%emt 0:00:03]} Qxf6 {[%emt 0:00:02]} 8. Qg3 {[%emt 0:00:13]} Nd4 {[%emt 0:00:06]} 9. Bd3 {[%emt 0:00:06]} d6 {[%emt 0:00:05]} 10. c3 {[%emt 0:00:02]} Nc6 {[%emt 0:00:04]} 11. Nf3 {[%emt 0:00:12]} a6 {[%emt 0:00:07]} 12. O-O {[%emt 0:00:05] Hugo_11 offers a draw} Be6 {[%emt 0:00:14]} 13. Ng5 {[%emt 0:00:10]} Bh6 {[%emt 0:00:10]} 14. Nxe6 {[%emt 0:00:08]} Qxe6 {[%emt 0:00:09]} 15. Qh4 {[%emt 0:00:07]} Bg7 {[%emt 0:00:09]} 16. b3 {[%emt 0:00:08]} Qf6 {[%emt 0:00:13]} 17. Qh3 {[%emt 0:00:09]} Rfe8 {[%emt 0:00:09]} 18. g3 {[%emt 0:00:15]} Qe6 {[%emt 0:00:07]} 19. Bc4 {[%emt 0:00:05]} Qxh3 {[%emt 0:00:04]} 20. f4 {[%emt 0:00:07]} exf4 {[%emt 0:00:04]} 21. Rxf4 {[%emt 0:00:03]} Rf8 {[%emt 0:00:17]} 22. Rh4 {[%emt 0:00:11]} Qd7 {[%emt 0:00:06]} 23. Be2 {[%emt 0:00:09]} Bf6 {[%emt 0:00:11]} 24. Bg4 {[%emt 0:00:03]} Qe7 {[%emt 0:00:06]} 25. Rh3 {[%emt 0:00:08]} Qxe4 {[%emt 0:00:03]} 26. Bd1 {[%emt 0:00:06]} Qe1+ {[%emt 0:00:03]} 27. Kg2 {[%emt 0:00:03]} Qxd1 {[%emt 0:00:02]} 28. Bb2 {[%emt 0:00:02]} Qxd2+ {[%emt 0:00:02]} 29. Kf3 {[%emt 0:00:06]} Qxb2 {[%emt 0:00:00]} 30. Rf1 {[%emt 0:00:04]} Qxc3+ {[%emt 0:00:02]} 31. Kg4 {[%emt 0:00:02]} Qd4+ {[%emt 0:00:02]} 32. Kf3 {[%emt 0:00:03]} Bg5 {[%emt 0:00:06]} 33. Ke2 {[%emt 0:00:06]} Qe3+ {[%emt 0:00:05]} 34. Kd1 {[%emt 0:00:03]} Qd2# {[%emt 0:00:03] Mate Mate} 0-1

[Event "OeISM Blitz U10 B"]
[Site "austriaU10b"]
[Date "2020.12.11"]
[Round "6"]
[White "DenizK2011"]
[Black "Hamino10"]
[Result "1-0"]
[WhiteElo "1350"]
[BlackElo "1470"]
[Annotator "NA RC"]
[PlyCount "37"]
[EventDate "2020.12.11"]
[EventType "blitz"]

1. d4 {[%emt 0:00:03]} d5 {[%emt 0:00:01]} 2. Nc3 {[%emt 0:00:03]} Nf6 {[%emt 0:00:03]} 3. Bf4 {[%emt 0:00:04]} Nc6 {[%emt 0:00:03]} 4. Nb5 {[%emt 0:00:03]} a6 {[%emt 0:00:02]} 5. Nxc7+ {[%emt 0:00:02]} Qxc7 {[%emt 0:00:03]} 6. Bxc7 {[%emt 0:00:03]} Nd7 {[%emt 0:00:07]} 7. Bf4 {[%emt 0:00:05]} e6 {[%emt 0:00:04]} 8. e3 {[%emt 0:00:01]} Bd6 {[%emt 0:00:02]} 9. Bxd6 {[%emt 0:00:03]} f5 {[%emt 0:00:05]} 10. Nf3 {[%emt 0:00:03]} g5 {[%emt 0:00:03]} 11. Nxg5 {[%emt 0:00:03]} h6 {[%emt 0:00:01]} 12. Nxe6 {[%emt 0:00:03]} Rh7 {[%emt 0:00:07]} 13. Nc7+ {[%emt 0:00:03]} Kf7 {[%emt 0:00:03]} 14. Qh5+ {[%emt 0:00:03]} Kg7 {[%emt 0:00:04]} 15. Nxa8 {[%emt 0:00:19]} Nb6 {[%emt 0:00:05]} 16. Nxb6 {[%emt 0:00:03]} Na7 {[%emt 0:00:02]} 17. Nxc8 {[%emt 0:00:04]} Nb5 {[%emt 0:00:00]} 18. Be5+ {[%emt 0:00:04]} Kg8 {[%emt 0:00:06]} 19. Qe8# {[%emt 0:00:05] Mate Mate} 1-0

[Event "OeISM Blitz U10 B"]
[Site "austriaU10b"]
[Date "2020.12.11"]
[Round "7"]
[White "Lukas-2010"]
[Black "EdiRaber"]
[Result "1-0"]
[WhiteElo "1873"]
[BlackElo "1772"]
[Annotator "NA RC"]
[PlyCount "81"]
[EventDate "2020.12.11"]
[EventType "blitz"]

1. e4 {[%emt 0:00:02]} e5 {[%emt 0:00:02]} 2. Nf3 {[%emt 0:00:01]} Nc6 {[%emt 0:00:02]} 3. Bb5 {[%emt 0:00:02]} Nf6 {[%emt 0:00:05]} 4. O-O {[%emt 0:00:04]} Bc5 {[%emt 0:00:02]} 5. Re1 {[%emt 0:00:02]} d6 {[%emt 0:00:01]} 6. d4 {[%emt 0:00:03]} exd4 {[%emt 0:00:03]} 7. Nxd4 {[%emt 0:00:00]} Bxd4 {[%emt 0:00:05]} 8. Qxd4 {[%emt 0:00:00]} O-O {[%emt 0:00:03]} 9. Bxc6 {[%emt 0:00:02]} bxc6 {[%emt 0:00:01]} 10. Bg5 {[%emt 0:00:01]} Re8 {[%emt 0:00:06]} 11. Nc3 {[%emt 0:00:02]} Be6 {[%emt 0:00:04]} 12. Rad1 {[%emt 0:00:03]} Rb8 {[%emt 0:00:02]} 13. b3 {[%emt 0:00:03]} c5 {[%emt 0:00:02]} 14. Qe3 {[%emt 0:00:04]} h6 {[%emt 0:00:02]} 15. Bh4 {[%emt 0:00:05]} d5 {[%emt 0:00:08]} 16. e5 {[%emt 0:00:04]} g5 {[%emt 0:00:03]} 17. exf6 {[%emt 0:00:02]} Qxf6 {[%emt 0:00:11]} 18. Bg3 {[%emt 0:00:03]} Bg4 {[%emt 0:00:02]} 19. Nxd5 {[%emt 0:00:07]} Qf5 {[%emt 0:00:35]} 20. Ne7+ {[%emt 0:00:04]} Rxe7 {[%emt 0:00:09]} 21. Qxe7 {[%emt 0:00:00]} Bxd1 {[%emt 0:00:03]} 22. Rxd1 {[%emt 0:00:00]} Qxc2 {[%emt 0:00:06]} 23. Rd8+ {[%emt 0:00:02]} Rxd8 {[%emt 0:00:01]} 24. Qxd8+ {[%emt 0:00:00]} Kg7 {[%emt 0:00:01]} 25. Be5+ {[%emt 0:00:01]} Kg6 {[%emt 0:00:04]} 26. Qg8+ {[%emt 0:00:01]} Kf5 {[%emt 0:00:01]} 27. Qh7+ {[%emt 0:00:01]} Kxe5 {[%emt 0:00:03]} 28. Qxc2 {[%emt 0:00:00]} Kd5 {[%emt 0:00:05]} 29. Qc4+ {[%emt 0:00:01]} Kc6 {[%emt 0:00:02]} 30. Qxf7 {[%emt 0:00:00]} Kb5 {[%emt 0:00:02]} 31. Qf6 {[%emt 0:00:00]} a5 {[%emt 0:00:02]} 32. Qxh6 {[%emt 0:00:01]} a4 {[%emt 0:00:02]} 33. Qxg5 {[%emt 0:00:01]} Kb4 {[%emt 0:00:06]} 34. bxa4 {[%emt 0:00:01]} c4 {[%emt 0:00:02]} 35. a5 {[%emt 0:00:02]} c3 {[%emt 0:00:01]} 36. a6 {[%emt 0:00:00]} c2 {[%emt 0:00:02]} 37. a7 {[%emt 0:00:00]} c5 {[%emt 0:00:02]} 38. a8=Q {[%emt 0:00:02]} c1=Q+ {[%emt 0:00:05]} 39. Qxc1 {[%emt 0:00:02]} c4 {[%emt 0:00:03]} 40. Qc6 {[%emt 0:00:02]} c3 {[%emt 0:00:03]} 41. Q1xc3# {[%emt 0:00:01] Mate Mate} 1-0